Postres escogidos: Con 47 recetas fotografiadas exclusivamente para esta obra por Hans Joschim Dobbelin; traducción Paula Parra Bueno; ilustraciones Sirius Bildarchiv (Record no. 23100)

MARC details
000 -LEADER
campo de control de longitud fija 00499nam a2200133Ia 4500
008 - DATOS DE LONGITUD FIJA--INFORMACIÓN GENERAL
campo de control de longitud fija 231129s1995||||xx |||||||||||||| ||spa||
020 ## - NÚMERO INTERNACIONAL ESTÁNDAR DEL LIBRO
Número Internacional Estándar del Libro 958-02-0973-1
040 ## - FUENTE DE CATALOGACIÓN
Lengua de catalogación spa
082 ## - NÚMERO DE LA CLASIFICACIÓN DECIMAL DEWEY
Número de clasificación 641.86 P858p
245 #0 - MENCIÓN DEL TÍTULO
Título Postres escogidos: Con 47 recetas fotografiadas exclusivamente para esta obra por Hans Joschim Dobbelin; traducción Paula Parra Bueno; ilustraciones Sirius Bildarchiv
260 ## - PUBLICACIÓN, DISTRIBUCIÓN, ETC.
Fecha de publicación, distribución, etc. 1995
264 ## - PRODUCCIÓN, PUBLICACIÓN, DISTRIBUCIÓN, FABRICACIÓN Y COPYRIGHT
Producción, publicación, distribución, fabricación y copyright Bogotá Colombia : Voluntad
942 ## - ELEMENTOS DE ENTRADA SECUNDARIOS (KOHA)
Fuente del sistema de clasificación o colocación Clasificación Decimal Dewey
Tipo de ítem Koha
Holdings
Estatus retirado Estado de pérdida Fuente del sistema de clasificación o colocación Estado de daño No para préstamo Biblioteca de origen Biblioteca actual Fecha de adquisición Total de préstamos Signatura topográfica completa Código de barras Visto por última vez Copia número Precio de reemplazo Tipo de ítem Koha
    Clasificación Decimal Dewey     BIBLIOTECA PÚBLICA MUNICIPAL RAMON CORREA MEJIA BIBLIOTECA PÚBLICA MUNICIPAL RAMON CORREA MEJIA 29/09/2016   641.86 P858p 38083 29/11/2023 1 29/11/2023 Libros

Powered by Koha